000 00417nab a2200145Ia 4500
003 ES-SlBCS
005 20210601125453.0
008 140529s1985-86 xxu||||| |||| 00| 0 eng d
041 _aeng
100 1 _aPrufer, Thomas
_951162
245 0 4 _aThe Dramatic Form of Phaedo
_c Thomas Prufer
600 0 4 _aPlatón-Fedón
_9159034
773 0 _tReview of Methaphysics
_gvol. 39, 1985-86, págs. 547-552
_wRev843
942 _cAR
999 _c530862
_d530862